00688nam a22002177a 4500003001100000005001700011008004100028020001600069040003900085041000800124082001300132100001900145245007500164260004400239300004500283650001700328650001500345942000700360952008800367999001500455LK-CoMWRAF20231022103038.0231006b1997 |||||||| |||| 00| 0 eng d a 3906726029 aLK-CoMWRAFdLK-CoMWRAFeLK-CoMWRAF aeng a159bDAN aDanesh, H. B.  aThe Psychology of Spirituality: bfrom divided self to integrated self aWienacht:bLandegg Academy Press,c1997 a270 p.bBibliography and index included. aSPIRITUALITY aPsychology cBK 00104070aMAINbMAINd2023-10-06l0o159 DANpRAF1611r2023-10-06w2023-10-06yBK c3784d3784